| 000 | 00426cam a22001337a 4500 | ||
|---|---|---|---|
| 008 | 180718b2007 xxu||||| |||| 00| 0 eng d | ||
| 082 | _aZ47 S47 | ||
| 100 | _aSekhar, C.S.C. | ||
| 245 |
_aViable entrepreneurial trade for women in agriculture in Uttaranchal _cby C.S.C. Sekhar |
||
| 260 |
_aDelhi _bAgricultural Economics Research Centre _c2007 |
||
| 300 | _a50p. | ||
| 440 | _aResearch study no. 2007/1 | ||
| 650 | _aAgriculture | ||
| 999 |
_c493538 _d493538 |
||